000 00566nam a2200193Ia 4500
003 IN-BaIIA
008 211028s9999 xx 000 0 eng d
020 _a0-471-61745-8
040 _cIIA Library
080 _a519.682.7
_bJON
100 _aJones, William C
_916967
245 0 _aData structures using modula-2
_cWilliam C. Jones
260 _aNew York
_bJohn Wiley & Sons
_c1988
300 _axxii, 609p.
650 _aData structures
_916968
650 _aModula-2
_913931
650 _aNASA thesaurus
942 _cBK
999 _c10016
_d10016